سير ا لمنا ز ل (Record no. 174565)

MARC details
000 -LEADER
fixed length control field 00643nam a22001937a 4500
005 - DATE AND TIME OF LATEST TRANSACTION
control field 20200623133800.0
010 ## - LCCN (DPL NO)
LC control number A-148410
020 ## - INTERNATIONAL STANDARD BOOK NUMBER
Terms of availability 45.00
International Standard Book Number -
035 ## - SYSTEM CONTROL NUMBER
System control number A-148410
037 ## - SOURCE OF ACQUISITION
Source of stock number/acquisition BPPD/PUB
Stock number -
082 ## - DEWEY DECIMAL CLASSIFICATION NUMBER
Classification number 954.16
100 ## - MAIN ENTRY--PERSONAL NAME
Personal name مر تبہ:شر يف حسين قا سمی
245 ## - TITLE STATEMENT
Title سير ا لمنا ز ل
Statement of responsibility, etc مر تبہ:شر يف حسين قا سمی
246 ## - VARYING FORM OF TITLE
Remainder of title Serulmanazil (Urdu)
Title proper/short title Edited by Shareef Hussain Qasmi
260 ## - PUBLICATION, DISTRIBUTION, ETC. (IMPRINT)
Place of publication, distribution, etc N.Delhi
Name of publisher, distributor, etc Ghalib Institute
Date of publication, distribution, etc 1982 ء
270 ## - ADDRESS
Address Awane Ghalib Marg,New Delhi
City N.Delhi
Postal code 2
Telephone number -
Fax number -
300 ## - PHYSICAL DESCRIPTION
Extent 306 ص
Dimensions 22 Cm(Hb)
942 ## - ADDED ENTRY ELEMENTS (KOHA)
Source of classification or shelving scheme Dewey Decimal Classification
Item type Urdu Bks
Classification part 954.16
Call number suffix ب ی گ
Holdings
Withdrawn status Lost status Not for loan Collection code Home library Current library Date acquired Source of acquisition Cost, normal purchase price Full call number Barcode Copy number Cost, replacement price Koha item type
      Non-fiction Central Library Central Library 23/06/2020 BPPD/Ven. 45.00 954.16 ب ی گ A-148410 1 45.00 Urdu Bks

© Delhi Public Library
Hit Counter
free hit counter